<?xml version="1.0" encoding="UTF-8"?><?xml-stylesheet type="text/xsl" href="static/style.xsl"?><OAI-PMH xmlns="http://www.openarchives.org/OAI/2.0/" xmlns:xsi="http://www.w3.org/2001/XMLSchema-instance" xsi:schemaLocation="http://www.openarchives.org/OAI/2.0/ http://www.openarchives.org/OAI/2.0/OAI-PMH.xsd"><responseDate>2026-06-03T19:19:13Z</responseDate><request verb="GetRecord" identifier="oai:riuma.uma.es:10630/23115" metadataPrefix="marc">https://riuma.uma.es/rest/oai/request</request><GetRecord><record><header><identifier>oai:riuma.uma.es:10630/23115</identifier><datestamp>2026-02-03T12:27:23Z</datestamp><setSpec>com_10630_2254</setSpec><setSpec>col_10630_37959</setSpec></header><metadata><record xmlns="http://www.loc.gov/MARC21/slim" xmlns:dcterms="http://purl.org/dc/terms/" xmlns:doc="http://www.lyncode.com/xoai" xmlns:xsi="http://www.w3.org/2001/XMLSchema-instance" xsi:schemaLocation="http://www.loc.gov/MARC21/slim http://www.loc.gov/standards/marcxml/schema/MARC21slim.xsd">
   <leader>00925njm 22002777a 4500</leader>
   <datafield ind2=" " ind1=" " tag="042">
      <subfield code="a">dc</subfield>
   </datafield>
   <datafield ind2=" " ind1=" " tag="720">
      <subfield code="a">Parras-Anguita, Luis</subfield>
      <subfield code="e">author</subfield>
   </datafield>
   <datafield ind2=" " ind1=" " tag="720">
      <subfield code="a">Aguilar-Cabello, Jorge</subfield>
      <subfield code="e">author</subfield>
   </datafield>
   <datafield ind2=" " ind1=" " tag="720">
      <subfield code="a">Blanco-Rodríguez, Francisco José</subfield>
      <subfield code="e">author</subfield>
   </datafield>
   <datafield ind2=" " ind1=" " tag="720">
      <subfield code="a">Gutiérrez-Castillo, Paloma</subfield>
      <subfield code="e">author</subfield>
   </datafield>
   <datafield ind2=" " ind1=" " tag="720">
      <subfield code="a">Hijano Pérez, Antonio Jesús</subfield>
      <subfield code="e">author</subfield>
   </datafield>
   <datafield ind2=" " ind1=" " tag="720">
      <subfield code="a">Olmo-Sánchez, María Isabel</subfield>
      <subfield code="e">author</subfield>
   </datafield>
   <datafield ind2=" " ind1=" " tag="720">
      <subfield code="a">Del-Pino-Peñas, Carlos Manuel</subfield>
      <subfield code="e">author</subfield>
   </datafield>
   <datafield ind2=" " ind1=" " tag="720">
      <subfield code="a">Serrano-Aguilera, Juan José</subfield>
      <subfield code="e">author</subfield>
   </datafield>
   <datafield ind2=" " ind1=" " tag="260">
      <subfield code="c">2021</subfield>
   </datafield>
   <datafield ind2=" " ind1=" " tag="520">
      <subfield code="a">Este trabajo presenta una propuesta de evaluación por competencias para una asignatura troncal&#xd;
de Mecánica de Fluidos. Se propone eliminar el examen final para la evaluación del aprendizaje&#xd;
por una evaluación continua de cada uno de los objetivos de aprendizaje. La evaluación continua&#xd;
consiste en la resolución de problemas con múltiples respuestas en el aula de informática. Para&#xd;
demostrar la adquisición de la competencia definida en el objetivo de aprendizaje el alumno deberá&#xd;
responder correctamente al menos un 80% de los problemas propuestos para cada uno de ellos,&#xd;
con un mínimo de 10 problemas por objetivo. Este tipo de evaluación asíncrona se puede llevar a&#xd;
cabo en las horas de tutoría y permite la corrección automática de las mismas, consiguiendo&#xd;
simultáneamente un triple objetivo: (i) liberar de carga de trabajo al docente; (ii) asegurar un&#xd;
mínimo de calidad en la evaluación de la adquisición de las habilidades requeridas en una&#xd;
asignatura troncal y (iii) hacer responsable al alumnado de su propio aprendizaje, pudiendo&#xd;
evaluarse en cualquier momento del semestre y repitiendo la evaluación.</subfield>
   </datafield>
   <datafield ind1="8" ind2=" " tag="024">
      <subfield code="a">https://hdl.handle.net/10630/23115</subfield>
   </datafield>
   <datafield tag="653" ind2=" " ind1=" ">
      <subfield code="a">Mecánica de fluidos</subfield>
   </datafield>
   <datafield tag="653" ind2=" " ind1=" ">
      <subfield code="a">Enseñanza - Evaluación</subfield>
   </datafield>
   <datafield ind2="0" ind1="0" tag="245">
      <subfield code="a">Evaluación por competencias en asignatura troncal de Mecánica de Fluidos</subfield>
   </datafield>
</record>
</metadata></record></GetRecord></OAI-PMH>